Spanische Torschützen bei der Fußball-Europameisterschaft 2020 - Statistiken

Allgemein
  • Dieses Quiz wurde 30 mal gespielt
  • Das Durchschnittsergebnis liegt bei 5 aus 10
Antwortstatistiken
Spiel Minute Torschütze % Korrekt
Spanien - Polen 1-0 77' Álvaro Morata
100%
100' Álvaro Morata
100%
Italien - Spanien 1-1 n. V. (4-2 i. E.) 80' Álvaro Morata
100%
67' Ferrán Torres
44%
77' Ferrán Torres
44%
103' Mikel Oyarzabal
24%
Slowakei - Spanien 0-5 45+3' Aymeric Laporte
20%
56' Pablo Sarabia
16%
Kroatien - Spanien 3-5 n. V. 38' Pablo Sarabia
16%
54' César Azpilicueta
12%
Keine übereinstimmenden Quizze gefunden
Verteilung der Resultate
Anzahl Personen mit jedem Resultat
Perzentil nach korrekt beantworteten Fragen
Ihre Resultats-Entwicklung
Sie haben dieses Quiz noch nicht gespielt